[Event "DEM U10/U10w 2003"]
[Site "Willingen GER"]
[Date "2003.06.08"]
[Round "2"]
[White "Boos, Philipp"]
[Black "Penner, Markus"]
[Result "1-0"]
[Termination "normal"]
[Board "10"]
[WhiteElo "1414"]
[BlackElo "1211"]
[PlyCount "53"]
[EventCountry "GER"]
[EventRounds "11"]
[EventType "swiss"]
[EventDate "2003.06.07"]

1. d4 Nf6 2. c4 g6 3. Nc3 Bg7 4. e4 d6 5. f3 O-O 6. Be3 e5 7. d5 c6 8. Bd3 Nbd7
9. Nge2 b6 10. dxc6 Nc5 11. b4 Nxd3+ 12. Qxd3 Qc7 13. b5 a6 14. a4 axb5 15.
cxb5 Be6 16. O-O Ra7 17. Rfd1 Bb3 18. Qxd6 Bxd1 19. Rxd1 Nd7 20. Qxd7 Qb8 21.
Qd6 Rc7 22. a5 bxa5 23. b6 Rcc8 24. Qxb8 Rxb8 25. c7 Rbc8 26. Nd5 a4 27. Ne7+
1-0

[Event "DEM U10/U10w 2003"]
[Site "Willingen GER"]
[Date "2003.06.08"]
[Round "2"]
[White "Cornish, Alexander Athony"]
[Black "Wang, Zhangxian"]
[Result "1/2-1/2"]
[Termination "normal"]
[Board "11"]
[WhiteElo "1219"]
[BlackElo "1400"]
[PlyCount "111"]
[EventCountry "GER"]
[EventRounds "11"]
[EventType "swiss"]
[EventDate "2003.06.07"]

1. e4 c6 2. d4 d5 3. e5 Bf5 4. Nf3 e6 5. c4 dxc4 6. Bxc4 Ne7 7. Bf4 Qb6 8. Qd2
h6 9. Be3 Nd5 10. Bxd5 Bxb1 11. Bxc6+ Nxc6 12. d5 Qb5 13. a3 Qxd5 14. Qxd5 exd5
15. Rxb1 O-O-O 16. O-O g5 17. Rbc1 Kb8 18. Rfe1 Bg7 19. g4 Nxe5 20. Nxe5 Bxe5
21. Bxa7+ Kxa7 22. Rxe5 Rhe8 23. Rf5 Re7 24. Rf6 d4 25. Rf3 d3 26. Rd1 Rdd7 27.
Rfxd3 Re1+ 28. Rxe1 Rxd3 29. Kg2 Rb3 30. Re7 Rxb2 31. Rxf7 Rb3 32. Rf3 Rb6 33.
Re3 Ra6 34. Kg3 Kb6 35. f4 gxf4+ 36. Kxf4 Kb5 37. Rb3+ Kc5 38. Rxb7 Rxa3 39.
Rc7+ Kd6 40. Rh7 Rh3 41. g5 Rh4+ 42. Kf5 hxg5 43. Rxh4 gxh4 44. Kg4 Ke6 45.
Kxh4 Kf7 46. Kg5 Kg7 47. h4 Kh7 48. Kh5 Kg7 49. Kg5 Kh7 50. h5 Kg7 51. h6+ Kh7
52. Kh5 Kh8 53. Kg5 Kh7 54. Kh5 Kh8 55. Kg6 Kg8 56. h7+ 1/2-1/2

[Event "DEM U10/U10w 2003"]
[Site "Willingen GER"]
[Date "2003.06.08"]
[Round "2"]
[White "Wilke, Friedrich"]
[Black "Mertens, Fridolin"]
[Result "1/2-1/2"]
[Termination "normal"]
[Board "12"]
[WhiteElo "1340"]
[BlackElo "1205"]
[PlyCount "94"]
[BlackFideId "24671940"]
[EventCountry "GER"]
[EventRounds "11"]
[EventType "swiss"]
[EventDate "2003.06.07"]

1. d4 Nf6 2. Nf3 g6 3. g3 Bg7 4. Bg2 O-O 5. O-O d6 6. b3 Bf5 7. c4 c5 8. Bb2
Nbd7 9. Nh4 Be4 10. f3 Bxb1 11. Rxb1 e6 12. f4 Rb8 13. Qc2 Ng4 14. Qd3 cxd4 15.
Bxd4 e5 16. Bc3 Nc5 17. Qd2 Qb6 18. Kh1 f5 19. Ba5 Qa6 20. b4 b6 21. bxc5 bxa5
22. Rxb8 Rxb8 23. Qd5+ Kh8 24. cxd6 Ne3 25. Qf7 Nxf1 26. d7 Qf6 27. Qe8+ Rxe8
28. dxe8=Q+ Bf8 29. fxe5 Qg7 30. Bxf1 Qb7+ 31. Nf3 Kg8 32. Bg2 Qb1+ 33. Ng1 Kg7
34. Bd5 Bc5 35. Kg2 Qxg1+ 36. Kh3 Kh6 37. e6 Qf1+ 38. Bg2 Qxe2 39. Bc6 Qf1+ 40.
Bg2 Qxc4 41. Bf3 Qf1+ 42. Bg2 Qe2 43. Bc6 Qg4+ 44. Kg2 Qe2+ 45. Kh3 Qg4+ 46.
Kg2 Qe2+ 47. Kh3 Qg4+ 1/2-1/2

[Event "DEM U10/U10w 2003"]
[Site "Willingen GER"]
[Date "2003.06.08"]
[Round "2"]
[White "Dürre, Gregor"]
[Black "Billing, Alexander"]
[Result "0-1"]
[Termination "normal"]
[Board "13"]
[WhiteElo "1208"]
[BlackElo "1333"]
[PlyCount "42"]
[BlackFideId "24624420"]
[EventCountry "GER"]
[EventRounds "11"]
[EventType "swiss"]
[EventDate "2003.06.07"]

1. e4 e6 2. d4 d5 3. exd5 exd5 4. Nc3 Be6 5. Nf3 c5 6. Bb5+ Nc6 7. O-O Nf6 8.
Bg5 a6 9. Bxc6+ bxc6 10. Re1 h6 11. Bxf6 Qxf6 12. Qd2 Be7 13. Re3 O-O 14. Rae1
Rfe8 15. Qd1 cxd4 16. Qxd4 Qxd4 17. Nxd4 Bc5 18. Rd3 Bd7 19. Rxe8+ Rxe8 20. h3
Bd6 21. Nb3 Re1# 0-1

[Event "DEM U10/U10w 2003"]
[Site "Willingen GER"]
[Date "2003.06.08"]
[Round "2"]
[White "Osmanodja, Bilgin"]
[Black "Noe, Christopher"]
[Result "1-0"]
[Termination "normal"]
[Board "14"]
[WhiteElo "1330"]
[BlackElo "1165"]
[PlyCount "111"]
[BlackFideId "24692018"]
[EventCountry "GER"]
[EventRounds "11"]
[EventType "swiss"]
[EventDate "2003.06.07"]

1. e4 e5 2. Nf3 Nc6 3. Bb5 Nf6 4. O-O Bc5 5. c3 O-O 6. d4 exd4 7. cxd4 Bb6 8.
Bg5 h6 9. Bh4 Qe8 10. Bxf6 gxf6 11. Bxc6 dxc6 12. Re1 Bg4 13. Re3 Rd8 14. h3
Bh5 15. g4 Bg6 16. Nc3 Qe7 17. Qd2 Rd7 18. Rae1 Rfd8 19. Rd3 Qb4 20. d5 Ba5 21.
a3 Qe7 22. b4 Bb6 23. Qxh6 Qf8 24. Qd2 c5 25. Na4 cxb4 26. Nxb6 axb6 27. axb4
c6 28. Rd4 cxd5 29. Rxd5 Rxd5 30. exd5 Qd6 31. Rd1 Be4 32. Nh4 Qxd5 33. Qxd5
Rxd5 34. Rxd5 Bxd5 35. Nf5 Kf8 36. Kh2 Be4 37. Nd6 Bd5 38. Nf5 Ke8 39. Kg3 Be6
40. Ng7+ Kf8 41. Nxe6+ fxe6 42. Kf4 Kg7 43. g5 Kg6 44. gxf6 Kxf6 45. h4 e5+ 46.
Ke4 b5 47. h5 Kg5 48. Kxe5 Kxh5 49. f4 Kg6 50. Ke6 Kg7 51. f5 Kf8 52. Kf6 Ke8
53. Kg7 Kd7 54. f6 Kd6 55. f7 Kd5 56. f8=Q 1-0

[Event "DEM U10/U10w 2003"]
[Site "Willingen GER"]
[Date "2003.06.08"]
[Round "2"]
[White "Kaphle, Sebastian"]
[Black "Specht, Christian"]
[Result "1-0"]
[Termination "normal"]
[Board "15"]
[WhiteElo "1201"]
[BlackElo "1327"]
[PlyCount "120"]
[WhiteFideId "24626708"]
[BlackFideId "24647985"]
[EventCountry "GER"]
[EventRounds "11"]
[EventType "swiss"]
[EventDate "2003.06.07"]

1. e4 c5 2. Nf3 Nc6 3. d4 cxd4 4. Nxd4 Nf6 5. Nc3 e5 6. Nf3 Bb4 7. Bd3 d5 8.
exd5 Nxd5 9. Bd2 f5 10. Nxd5 Qxd5 11. Bxb4 Nxb4 12. a3 Nc6 13. Be2 Qxd1+ 14.
Rxd1 O-O 15. O-O Be6 16. Bb5 e4 17. Bxc6 bxc6 18. Ne5 Bd5 19. Nd7 Rfd8 20. Nc5
Rab8 21. b4 Rb5 22. c4 Rbb8 23. cxd5 cxd5 24. Rd2 Rbc8 25. Rfd1 a5 26. Rxd5
Rxd5 27. Rxd5 axb4 28. axb4 Rb8 29. Rxf5 Rxb4 30. h3 Rb5 31. Rg5 Kf7 32. Nxe4
Rb4 33. Ng3 h6 34. Rg4 Rb2 35. Nf5 g5 36. h4 Kg6 37. Ng3 Kf6 38. hxg5+ hxg5 39.
f3 Ra2 40. Ne4+ Kf5 41. Nxg5 Ra1+ 42. Kh2 Ra8 43. Nh3 Ra2 44. Kg3 Ra6 45. Rg5+
Kf6 46. Kg4 Ra4+ 47. f4 Ra2 48. g3 Ra4 49. Rh5 Kg6 50. Nf2 Ra2 51. Nd3 Ra3 52.
Ne5+ Kg7 53. Kf5 Rxg3 54. Rg5+ Rxg5+ 55. fxg5 Kg8 56. Kg6 Kf8 57. Kh7 Ke7 58.
g6 Ke6 59. Nf3 Kd6 60. g7 Kd5 1-0

[Event "DEM U10/U10w 2003"]
[Site "Willingen GER"]
[Date "2003.06.08"]
[Round "2"]
[White "Lobmeyer, Fabian"]
[Black "Lerch, Matthias"]
[Result "0-1"]
[Termination "normal"]
[Board "16"]
[WhiteElo "1316"]
[BlackElo "1150"]
[PlyCount "130"]
[WhiteFideId "24659681"]
[BlackFideId "24662151"]
[EventCountry "GER"]
[EventRounds "11"]
[EventType "swiss"]
[EventDate "2003.06.07"]

1. e4 e6 2. d4 d5 3. exd5 exd5 4. Nc3 Nc6 5. Bb5 Bd7 6. Nxd5 a6 7. Bxc6 Bxc6 8.
Ne3 Nf6 9. c3 Bd6 10. Nf3 O-O 11. O-O Qd7 12. d5 Bxd5 13. Nxd5 Nxd5 14. c4 Nf6
15. Bg5 Qe6 16. b3 Rad8 17. Qc2 Be7 18. Rfe1 Qd7 19. Rad1 Qe8 20. Bxf6 Rxd1 21.
Qxd1 gxf6 22. Nh4 Qd8 23. Qxd8 Bxd8 24. Nf5 c6 25. Nd6 b6 26. b4 Bc7 27. Ne8
Be5 28. f4 Rxe8 29. fxe5 fxe5 30. Rd1 Re6 31. c5 bxc5 32. bxc5 Kg7 33. Kf2 f6
34. Kf3 Kg6 35. g4 f5 36. gxf5+ Kxf5 37. a4 a5 38. Rb1 Re7 39. Rb8 Rd7 40. Rf8+
Kg6 41. Ke4 Rd5 42. Rc8 Rxc5 43. h3 h6 44. Re8 Kf6 45. Rh8 Kg6 46. Re8 Rc3 47.
Kxe5 Re3+ 48. Kd6 Rxe8 49. Kxc6 Re4 50. Kb5 Re5+ 51. Kb6 Kg5 52. Kc6 Kf4 53.
Kd6 Re4 54. h4 Kg4 55. Kd5 Rxa4 56. Kc5 Kxh4 57. Kb5 Rf4 58. Kxa5 Kg4 59. Kb5
h5 60. Kc5 h4 61. Kd5 h3 62. Ke5 h2 63. Ke6 h1=Q 64. Ke5 Qe1+ 65. Kd5 Rf2 0-1

[Event "DEM U10/U10w 2003"]
[Site "Willingen GER"]
[Date "2003.06.08"]
[Round "2"]
[White "Mohr, Fides"]
[Black "Huhnstock, Rico"]
[Result "0-1"]
[Termination "normal"]
[Board "17"]
[WhiteElo "1161"]
[BlackElo "1311"]
[PlyCount "100"]
[BlackFideId "24642932"]
[EventCountry "GER"]
[EventRounds "11"]
[EventType "swiss"]
[EventDate "2003.06.07"]

1. d4 Nf6 2. c4 g6 3. Nc3 Bg7 4. Bf4 d6 5. Nf3 O-O 6. e3 Bf5 7. Bd3 Bxd3 8.
Qxd3 Nbd7 9. O-O c5 10. h3 a6 11. Rab1 a5 12. Nb5 Ne8 13. a3 Nc7 14. Nxc7 Qxc7
15. b3 Rab8 16. Bg5 Rfe8 17. Rfe1 b6 18. Bf4 Qb7 19. a4 Rbc8 20. Nh2 Nf6 21.
Nf3 Qe4 22. Qxe4 Nxe4 23. Rbc1 Rcd8 24. Ng5 Nxg5 25. Bxg5 h6 26. Bf4 g5 27. Bg3
cxd4 28. exd4 Bxd4 29. Kf1 Bc5 30. Re2 d5 31. cxd5 Rxd5 32. Rec2 Red8 33. Bc7
R8d7 34. Bg3 Rd1+ 35. Rxd1 Rxd1+ 36. Ke2 Rb1 37. Rc3 Rb2+ 38. Kf3 Rd2 39. Bh2
Rxf2+ 40. Kg3 Rd2 41. Rf3 Bd6+ 42. Kg4 Bxh2 43. Kh5 Kg7 44. g4 Bf4 45. Rc3 Rh2
46. Rd3 e5 47. Rf3 e4 48. Rc3 e3 49. Rxe3 Bxe3 50. h4 Rxh4# 0-1

[Event "DEM U10/U10w 2003"]
[Site "Willingen GER"]
[Date "2003.06.08"]
[Round "2"]
[White "Dorn, Carina"]
[Black "Wapenhans, Martin"]
[Result "1-0"]
[Termination "normal"]
[Board "19"]
[WhiteElo "1124"]
[BlackElo "1288"]
[PlyCount "65"]
[WhiteFideId "24666335"]
[EventCountry "GER"]
[EventRounds "11"]
[EventType "swiss"]
[EventDate "2003.06.07"]

1. d4 d5 2. c4 e6 3. Nc3 Nf6 4. Bg5 Nbd7 5. e3 c6 6. Nf3 Qa5 7. a3 Ne4 8. Rc1
dxc4 9. Bf4 b5 10. Be2 Bxa3 11. bxa3 Nxc3 12. Qd2 Qxa3 13. Rxc3 Qa5 14. O-O O-O
15. Qb2 Ba6 16. Ra1 Qb6 17. Rca3 Bb7 18. Qa2 a6 19. e4 c5 20. dxc5 Qxc5 21. Rd1
Nf6 22. Bd6 Qb6 23. Bxf8 Rxf8 24. e5 Ne4 25. Re3 Rc8 26. Qc2 Qc6 27. Rd4 Ng5
28. Rd6 Nxf3+ 29. Rxf3 Qc7 30. Rf4 f6 31. Qd2 Qe7 32. Rd7 Qc5 33. Rd8+ 1-0

[Event "DEM U10/U10w 2003"]
[Site "Willingen GER"]
[Date "2003.06.08"]
[Round "2"]
[White "Schäfer, Simon"]
[Black "Berchtenbreiter, Maximilian"]
[Result "1/2-1/2"]
[Termination "normal"]
[Board "21"]
[WhiteElo "1059"]
[BlackElo "1282"]
[PlyCount "33"]
[BlackFideId "24641120"]
[EventCountry "GER"]
[EventRounds "11"]
[EventType "swiss"]
[EventDate "2003.06.07"]

1. d4 Nf6 2. c4 e6 3. Nc3 Bb4 4. a3 Bxc3+ 5. bxc3 O-O 6. Nf3 d5 7. cxd5 exd5 8.
Bg5 h6 9. Bxf6 Qxf6 10. e3 Nc6 11. Be2 Be6 12. O-O Qg6 13. Re1 Rfe8 14. Qd3
Qxd3 15. Bxd3 Bg4 16. Nd2 Rad8 17. Rab1 1/2-1/2

[Event "DEM U10/U10w 2003"]
[Site "Willingen GER"]
[Date "2003.06.08"]
[Round "2"]
[White "Grimm, Pascal"]
[Black "Döll, Laurien"]
[Result "1-0"]
[Termination "normal"]
[Board "24"]
[WhiteElo "1246"]
[BlackElo "1155"]
[PlyCount "71"]
[WhiteFideId "24620122"]
[EventCountry "GER"]
[EventRounds "11"]
[EventType "swiss"]
[EventDate "2003.06.07"]

1. e4 e5 2. Nf3 Nc6 3. d4 d6 4. dxe5 dxe5 5. Qxd8+ Nxd8 6. Nxe5 Nf6 7. Bd3 Bg4
8. Nxg4 Nxg4 9. h3 Ne5 10. Bf4 Nxd3+ 11. cxd3 Ne6 12. Be3 Bb4+ 13. Ke2 O-O 14.
Rd1 f5 15. Bd2 Bxd2 16. Rxd2 fxe4 17. dxe4 Nf4+ 18. Kf1 Rad8 19. f3 Rde8 20.
Nc3 Ne6 21. Kg1 a6 22. Rad1 b5 23. a3 c5 24. Rd6 b4 25. axb4 cxb4 26. Nd5 a5
27. Ra6 b3 28. Rxa5 Rb8 29. Ra4 Nc5 30. Rb4 Rxb4 31. Nxb4 Rb8 32. Nd3 Na4 33.
Ra1 Nb6 34. Rc1 Kf7 35. Kf2 Ke6 36. Nc5+ 1-0

[Event "DEM U10/U10w 2003"]
[Site "Willingen GER"]
[Date "2003.06.08"]
[Round "2"]
[White "Matschewsky, Justus"]
[Black "Wittke, René"]
[Result "0-1"]
[Termination "normal"]
[Board "25"]
[WhiteElo "880"]
[BlackElo "1438"]
[PlyCount "48"]
[WhiteFideId "24678708"]
[BlackFideId "24640255"]
[EventCountry "GER"]
[EventRounds "11"]
[EventType "swiss"]
[EventDate "2003.06.07"]

1. e4 e5 2. Nf3 Nc6 3. Bc4 Bc5 4. c3 Nf6 5. d4 exd4 6. cxd4 Bb4+ 7. Nc3 O-O 8.
e5 Re8 9. O-O Bxc3 10. bxc3 d5 11. exf6 dxc4 12. fxg7 Bg4 13. h3 Bh5 14. g4 Bg6
15. Bg5 Qd5 16. Bh6 Be4 17. Kg2 Re6 18. Bd2 Rf6 19. Kh2 Rxf3 20. Qe2 Bd3 21.
Qe1 Bxf1 22. Qxf1 Ne5 23. h4 Nxg4+ 24. Kg2 Rxf2+ 0-1

[Event "DEM U10/U10w 2003"]
[Site "Willingen GER"]
[Date "2003.06.08"]
[Round "2"]
[White "Pantusenko, Valeria"]
[Black "Muschak, Theresia"]
[Result "1-0"]
[Termination "normal"]
[Board "26"]
[WhiteElo "1170"]
[BlackElo "860"]
[PlyCount "61"]
[WhiteFideId "4662920"]
[EventCountry "GER"]
[EventRounds "11"]
[EventType "swiss"]
[EventDate "2003.06.07"]

1. e4 e5 2. Nf3 Nc6 3. Bc4 Bc5 4. c3 Nf6 5. d4 exd4 6. cxd4 Bb4+ 7. Nc3 Nxe4 8.
O-O Nxc3 9. bxc3 Bxc3 10. Ba3 Bxa1 11. Re1+ Ne7 12. Rxe7+ Qxe7 13. Bxe7 Kxe7
14. Qxa1 d6 15. Ng5 Be6 16. Bd3 c5 17. dxc5 dxc5 18. Nxh7 f6 19. Qxf6+ Kd6 20.
Ng5 Rhg8 21. Be4 Rae8 22. Qf4+ Kd7 23. Bxb7 Bxa2 24. h3 Re1+ 25. Kh2 Rge8 26.
Bf3 Rf1 27. Qd2+ Bd5 28. Qxd5+ Kc7 29. Qf7+ Kd8 30. Ne6+ Kc8 31. Qxe8# 1-0

[Event "DEM U10/U10w 2003"]
[Site "Willingen GER"]
[Date "2003.06.08"]
[Round "2"]
[White "Begeluri, Nino"]
[Black "Oat, Daniela"]
[Result "1-0"]
[Termination "normal"]
[Board "27"]
[WhiteElo "1152"]
[BlackElo "850"]
[PlyCount "97"]
[EventCountry "GER"]
[EventRounds "11"]
[EventType "swiss"]
[EventDate "2003.06.07"]

1. e4 e5 2. Nf3 Nc6 3. Bc4 Bc5 4. Nc3 Nf6 5. d3 d6 6. h3 Be6 7. Bb3 O-O 8. Nd5
Bxd5 9. exd5 Nd4 10. Nxd4 Bxd4 11. c3 Bb6 12. Be3 c5 13. Qc2 Rc8 14. O-O-O Re8
15. Qe2 a5 16. a4 Re7 17. Bg5 Re8 18. Rhg1 e4 19. Bxf6 Qxf6 20. dxe4 Qf4+ 21.
Kc2 Rxe4 22. Qd2 Qf5 23. Kc1 c4 24. Bc2 Rce8 25. Bxe4 Rxe4 26. f3 Be3 27. fxe4
Bxd2+ 28. Kxd2 Qf4+ 29. Kc2 g6 30. Rde1 Qf2+ 31. Kb1 b5 32. axb5 a4 33. Ka2 Qb6
34. e5 dxe5 35. Rxe5 Qxg1 36. d6 Qd1 37. b6 Qxd6 38. Re8+ Kg7 39. b7 a3 40.
b8=Q Qxb8 41. Rxb8 f5 42. Kxa3 Kh6 43. Rb4 Kg5 44. Rxc4 f4 45. b4 Kh4 46. Rxf4+
Kg3 47. Rg4+ Kf2 48. b5 h5 49. Rxg6 1-0

[Event "DEM U10/U10w 2003"]
[Site "Willingen GER"]
[Date "2003.06.08"]
[Round "2"]
[White "Mirke, Roy"]
[Black "Rösch, Daniel"]
[Result "0-1"]
[Termination "normal"]
[Board "28"]
[WhiteElo "855"]
[BlackElo "1093"]
[PlyCount "114"]
[WhiteFideId "24647306"]
[EventCountry "GER"]
[EventRounds "11"]
[EventType "swiss"]
[EventDate "2003.06.07"]

1. e4 e5 2. Nf3 Nc6 3. Bc4 Nf6 4. d3 h6 5. Nc3 Bc5 6. Bd2 d6 7. h3 Be6 8. Bxe6
fxe6 9. O-O O-O 10. a3 Qe8 11. b4 Bb6 12. Be3 Qg6 13. Nh4 Qh5 14. Qxh5 Nxh5 15.
Bxb6 axb6 16. Nb5 Rac8 17. c3 Nf4 18. Rfd1 d5 19. exd5 exd5 20. d4 e4 21. f3 e3
22. Re1 Rfe8 23. Nf5 e2 24. Ng3 Nd8 25. Ra2 Nf7 26. Nxe2 Nxe2+ 27. Raxe2 Rxe2
28. Rxe2 c6 29. Na7 Ra8 30. Nxc6 bxc6 31. Ra2 b5 32. h4 Kh7 33. Kh2 Kg6 34. Kg3
Kh5 35. Kh3 g5 36. g4+ Kg6 37. h5+ Kf6 38. Kg2 Nd6 39. Kf2 Nc4 40. Ke2 Rxa3 41.
Rxa3 Nxa3 42. Kd3 Nc4 43. Ke2 Nb6 44. Kd2 Ke6 45. Ke2 Kd6 46. Kd2 Nc4+ 47. Kd3
Nb2+ 48. Kd2 Na4 49. Kd3 Ke6 50. Ke3 Nxc3 51. Kd3 Nd1 52. Ke2 Nc3+ 53. Kd3 Na2
54. Kc2 Nxb4+ 55. Kb3 Nd3 56. Kc3 Ne1 57. Kd2 Nxf3+ 0-1

[Event "DEM U10/U10w 2003"]
[Site "Willingen GER"]
[Date "2003.06.08"]
[Round "2"]
[White "Spangenberg, Pia"]
[Black "Bauer, Julia"]
[Result "1-0"]
[Termination "normal"]
[Board "29"]
[WhiteElo "1089"]
[BlackElo "812"]
[PlyCount "57"]
[WhiteFideId "4627989"]
[EventCountry "GER"]
[EventRounds "11"]
[EventType "swiss"]
[EventDate "2003.06.07"]

1. e4 e5 2. Nf3 Nf6 3. Nxe5 d6 4. Nf3 Nxe4 5. d4 Qf6 6. Qe2 d5 7. Bg5 Qf5 8.
Nc3 Bb4 9. a3 Bxc3+ 10. bxc3 O-O 11. Bd2 Re8 12. Qd3 Nxd2+ 13. Kxd2 Qf4+ 14.
Kd1 Bg4 15. Be2 Qd6 16. h3 Be6 17. Ng5 Bd7 18. Re1 Bb5 19. Qxb5 c6 20. Qd3 Qh2
21. Qxh7+ Kf8 22. Qh8+ Ke7 23. Bg4+ Kf6 24. Nh7+ Kg6 25. Rxe8 Qg1+ 26. Re1 Qxg2
27. Nf8+ Kg5 28. Qxg7+ Kf4 29. Qf6# 1-0

[Event "DEM U10/U10w 2003"]
[Site "Willingen GER"]
[Date "2003.06.08"]
[Round "2"]
[White "Spangenberg, Romy"]
[Black "Braun, Viktoria"]
[Result "0-1"]
[Termination "normal"]
[Board "30"]
[WhiteElo "833"]
[BlackElo "1088"]
[PlyCount "76"]
[WhiteFideId "4627997"]
[EventCountry "GER"]
[EventRounds "11"]
[EventType "swiss"]
[EventDate "2003.06.07"]

1. e4 e5 2. Nf3 Nc6 3. d4 exd4 4. Nxd4 Nxd4 5. Qxd4 c6 6. Nc3 Be7 7. Qxg7 Bf6
8. Qg3 d6 9. Bf4 Be7 10. O-O-O Nf6 11. Be2 Rg8 12. Qe3 Be6 13. Kb1 d5 14. exd5
Nxd5 15. Nxd5 Bxd5 16. Bf3 Rg6 17. Be4 Re6 18. Qe2 Rxe4 19. Qxe4 Bxe4 20. Rxd8+
Rxd8 21. Bc7 Rd7 22. Bb8 Bc5 23. Bg3 Bxg2 24. Re1+ Re7 25. Rg1 b5 26. f4 Bxg1
27. a3 Re2 28. c3 Bf2 29. Bxf2 Rxf2 30. f5 Be4+ 31. Ka2 Bxf5 32. h4 Be6+ 33.
Kb1 f5 34. Kc1 Bb3 35. Kb1 f4 36. Kc1 f3 37. h5 Re2 38. Kb1 Re1# 0-1

[Event "DEM U10/U10w 2003"]
[Site "Willingen GER"]
[Date "2003.06.08"]
[Round "2"]
[White "Thiele, Eileen"]
[Black "Bräuer, Franz"]
[Result "0-1"]
[Termination "normal"]
[Board "32"]
[WhiteElo "695"]
[BlackElo "1085"]
[PlyCount "56"]
[BlackFideId "24634468"]
[EventCountry "GER"]
[EventRounds "11"]
[EventType "swiss"]
[EventDate "2003.06.07"]

1. e4 e5 2. Nf3 Nc6 3. Bc4 Nf6 4. Ng5 d5 5. exd5 Nd4 6. d6 Qxd6 7. Nxf7 Qc6 8.
Nxe5 Qxg2 9. Rf1 Qe4+ 10. Qe2 Nxe2 11. Bxe2 Qxc2 12. Bd3 Qxc1+ 13. Ke2 Qxb2 14.
Nc3 Bb4 15. Rfb1 Qa3 16. Rb3 Qa5 17. a3 Qxe5+ 18. Kf1 Qxh2 19. Rxb4 Qh1+ 20.
Ke2 Qxa1 21. a4 O-O 22. Bc4+ Kh8 23. Rb1 Re8+ 24. Kf3 Bg4+ 25. Kg2 Qa3 26. Rxb7
Qc5 27. Bb5 Qg5 28. Kf1 Bh3# 0-1

[Event "DEM U10/U10w 2003"]
[Site "Willingen GER"]
[Date "2003.06.09"]
[Round "3"]
[White "Osmanodja, Bilgin"]
[Black "Graf, Felix"]
[Result "0-1"]
[Termination "normal"]
[Board "1"]
[WhiteElo "1330"]
[BlackElo "1805"]
[PlyCount "118"]
[BlackFideId "24608904"]
[EventCountry "GER"]
[EventRounds "11"]
[EventType "swiss"]
[EventDate "2003.06.07"]

1. e4 e6 2. d4 d5 3. Nc3 Bb4 4. Qg4 Kf8 5. Qf3 Nc6 6. Nge2 Qf6 7. Qd3 dxe4 8.
Qxe4 Nge7 9. Bd2 Bxc3 10. Bxc3 Nd5 11. Bd2 Qg6 12. Qxg6 hxg6 13. c3 b6 14. Nf4
Nf6 15. Bd3 Ne7 16. f3 Bb7 17. O-O-O Rd8 18. Bc2 g5 19. Nd3 g4 20. Ne5 gxf3 21.
Nxf3 Be4 22. Bxe4 Nxe4 23. Rdf1 f5 24. Ng5 Nxg5 25. Bxg5 Kf7 26. g4 g6 27. gxf5
gxf5 28. Bxe7 Kxe7 29. Kd2 Rdg8 30. Ke3 Rg2 31. Rf2 Rh3+ 32. Ke2 Rg4 33. Rf3
Rhh4 34. h3 Rg5 35. Kf2 f4 36. Rg1 Rxg1 37. Kxg1 Kf6 38. Kg2 Kf5 39. Kf2 Ke4
40. Ke2 Rh5 41. b4 a5 42. a3 Rb5 43. Rf2 axb4 44. axb4 c5 45. dxc5 bxc5 46.
bxc5 Rxc5 47. Kd2 Rh5 48. Re2+ Kf5 49. Rh2 e5 50. c4 e4 51. c5 e3+ 52. Ke2 Ke4
53. c6 f3+ 54. Kd1 Rd5+ 55. Ke1 Rc5 56. Kd1 Rxc6 57. h4 f2 58. Ke2 Rc1 59. Rxf2
Rc2+ 0-1

[Event "DEM U10/U10w 2003"]
[Site "Willingen GER"]
[Date "2003.06.09"]
[Round "3"]
[White "Mihok, Oliver"]
[Black "Rafayevych, Wilen"]
[Result "1-0"]
[Termination "normal"]
[Board "2"]
[WhiteElo "1913"]
[BlackElo "1301"]
[PlyCount "71"]
[WhiteFideId "728012"]
[EventCountry "GER"]
[EventRounds "11"]
[EventType "swiss"]
[EventDate "2003.06.07"]

1. e4 d5 2. exd5 Qxd5 3. Nc3 Qa5 4. d4 Nf6 5. Nf3 Bg4 6. h3 Bh5 7. Bd2 Nc6 8.
g4 Bg6 9. Bc4 O-O-O 10. Nd5 Qa4 11. Bb3 Qa6 12. Nxf6 gxf6 13. c3 e5 14. d5 Ne7
15. c4 c6 16. Rc1 Kb8 17. Bb4 cxd5 18. cxd5 Nc6 19. Bxf8 Rhxf8 20. Qd2 Be4 21.
Rxc6 bxc6 22. Qb4+ Qb7 23. Qxe4 cxd5 24. Qe2 Qb4+ 25. Nd2 Rd7 26. O-O Rg8 27.
Kh1 Re8 28. a3 Qa5 29. Rd1 Red8 30. Qf3 Rd6 31. Qf5 Rh8 32. Ne4 Rdd8 33. Nxf6
Qb5 34. Bxd5 Rxd5 35. Nxd5 Rd8 36. Nc7 1-0

[Event "DEM U10/U10w 2003"]
[Site "Willingen GER"]
[Date "2003.06.09"]
[Round "3"]
[White "Huhnstock, Rico"]
[Black "Zelbel, Patrick"]
[Result "0-1"]
[Termination "normal"]
[Board "3"]
[WhiteElo "1311"]
[BlackElo "1595"]
[PlyCount "32"]
[WhiteFideId "24642932"]
[BlackFideId "24624322"]
[EventCountry "GER"]
[EventRounds "11"]
[EventType "swiss"]
[EventDate "2003.06.07"]

1. e4 e5 2. Nf3 Nc6 3. Bc4 Nf6 4. Ng5 d5 5. exd5 Na5 6. Bb5+ c6 7. dxc6 bxc6 8.
Be2 h6 9. Nf3 e4 10. Ne5 Bd6 11. Nc4 Nxc4 12. Bxc4 Ng4 13. h3 Qh4 14. Qe2 Nxf2
15. Rf1 Nxh3+ 16. Kd1 Bg4 0-1

[Event "DEM U10/U10w 2003"]
[Site "Willingen GER"]
[Date "2003.06.09"]
[Round "3"]
[White "Endreß, Anna"]
[Black "Miclea, Andrei"]
[Result "1-0"]
[Termination "normal"]
[Board "4"]
[WhiteElo "1573"]
[BlackElo "1286"]
[PlyCount "31"]
[WhiteFideId "24629472"]
[EventCountry "GER"]
[EventRounds "11"]
[EventType "swiss"]
[EventDate "2003.06.07"]

1. e4 e6 2. d4 d5 3. Nc3 Bb4 4. Nge2 dxe4 5. a3 Bxc3+ 6. Nxc3 Nc6 7. Bb5 Bd7 8.
Nxe4 Nxd4 9. Qxd4 Bxb5 10. Qxg7 Qd5 11. Nc3 Qd7 12. Nxb5 Qxb5 13. Qxh8 O-O-O
14. Qc3 Qh5 15. Bf4 c6 16. Qe5 1-0

[Event "DEM U10/U10w 2003"]
[Site "Willingen GER"]
[Date "2003.06.09"]
[Round "3"]
[White "Kartsev, Alexandr"]
[Black "Schmitt, Philipp"]
[Result "0-1"]
[Termination "normal"]
[Board "5"]
[WhiteElo "1258"]
[BlackElo "1458"]
[PlyCount "130"]
[WhiteFideId "24647110"]
[BlackFideId "24641766"]
[EventCountry "GER"]
[EventRounds "11"]
[EventType "swiss"]
[EventDate "2003.06.07"]

1. e4 e6 2. d4 d5 3. e5 c5 4. c3 Qb6 5. Nf3 Nc6 6. Be2 Nge7 7. Qb3 Qxb3 8. axb3
cxd4 9. cxd4 Nf5 10. Bb5 Bd7 11. Bxc6 bxc6 12. Bd2 c5 13. Bc3 Bb5 14. Ra5 a6
15. Na3 Rb8 16. Nxb5 axb5 17. dxc5 Bxc5 18. O-O Bb6 19. Rxb5 Bxf2+ 20. Kxf2
Rxb5 21. Ra1 O-O 22. b4 Rbb8 23. g4 Ne7 24. Kg3 Nc6 25. Ra4 Rb7 26. Ne1 d4 27.
Bd2 Nxe5 28. Ra3 Nc4 29. Rd3 Nxd2 30. Rxd2 Rxb4 31. Nf3 Rd8 32. Ne5 Rb3+ 33.
Kg2 d3 34. Nc6 Rd6 35. Na5 Rb5 36. Nc4 Rdd5 37. Na3 Rb3 38. Kg3 e5 39. h3 g6
40. Kf3 f5 41. gxf5 gxf5 42. Nb1 Kf7 43. Nc3 Kf6 44. Nd1 f4 45. Kg4 Kg6 46. h4
h5+ 47. Kf3 Kf5 48. Rg2 d2+ 49. Ke2 f3+ 50. Kf2 fxg2 51. Kxg2 Rxb2 52. Nxb2
d1=Q 53. Nxd1 Rxd1 54. Kg3 Rd3+ 55. Kf2 Ke4 56. Ke2 Rf3 57. Kd2 Re3 58. Kc2 Rd3
59. Kb2 Kd4 60. Kc2 Kc4 61. Kb2 Rc3 62. Ka2 Rb3 63. Ka1 Kc3 64. Ka2 Kc2 65. Ka1
Ra3# 0-1